00737nam a2200229Ia 45000010006000000050017000060070003000230080041000260400024000670410008000910820022000991000018001212450080001392500013002192600042002323000018002746530046002926530011003389420012003499520129003619990017004905427220240114005417.0ta080119s2004 g b000 u 465 u aCottonCollege,Assam a465 a891.49bPe 349 Re aPegu, Jadav . 0aReclaming Identity:A Disdiscourse on Bodo /cJadav Pegu.hTextual Documents aIst ed / aKokrajhar :bJwngsar Narzary ,c2004. a161p ;c23cm. aReclaming Identity:A Disdiscourse on Bodo aG-Bodo 2ddccBK 001040708Circulation-GaSKBLbSKBLd2012-02-01f00000l0o891.49 Pe 349 Rep91534r2024-01-14 00:00:00t1w2012-02-01yBK c54235d54235